| 000 | 00372nam a2200145Ia 4500 | ||
|---|---|---|---|
| 008 | 150201s2013 xx 000 0 und d | ||
| 082 |
_a610.73 _bN13C |
||
| 100 | _aCLEMENT, I. | ||
| 245 | _aNURSING SOLVED QUESTION PAPERS FOR BSC NURSING 2ND YEAR 2013-2009 | ||
| 250 | _a2ND | ||
| 260 |
_bJAYPEE _aDELHI _c2013 |
||
| 300 | _a787 | ||
| 650 | _aNURSING | ||
| 942 |
_2ddc _cBK _05 |
||
| 999 |
_c2366 _d2366 |
||